Discurso pronunciado en la solemne inauguración de los estudios de la Universidad Literaria de Madrid el día 1º de octubre de 1849 / (Record no. 162497)

MARC details
000 -LEADER
campo de control de longitud fija 00859nam a2200181 i 4500
001 - NÚMERO DE CONTROL
campo de control 162497
003 - IDENTIFICADOR DE NÚMERO DE CONTROL
campo de control ES-MaACL
005 - FECHA Y HORA DE LA ÚLTIMA TRANSACCIÓN
campo de control 20230906212536.0
008 - DATOS DE LONGITUD FIJA--INFORMACIÓN GENERAL
campo de control de longitud fija 000705s1849 sp |||| | spa d
100 1# - ENTRADA PRINCIPAL--NOMBRE DE PERSONA
Nombre de persona Pou y Camps, Juan María.
9 (RLIN) 131312
245 10 - MENCIÓN DEL TÍTULO
Título Discurso pronunciado en la solemne inauguración de los estudios de la Universidad Literaria de Madrid el día 1º de octubre de 1849 /
Mención de responsabilidad, etc. por el Doctor D. Juan María Pou y Camps.
260 ## - PUBLICACIÓN, DISTRIBUCIÓN, ETC.
Lugar de publicación, distribución, etc. Madrid :
Nombre del editor, distribuidor, etc. [s.n.],
Fecha de publicación, distribución, etc. 1849 (
Fabricante imp. de José María Ducazcal)
300 ## - DESCRIPCIÓN FÍSICA
Extensión 43 p. ;
Dimensiones 25 cm.
594 ## - Nota al título y mención de responsabilidad
Nota al título y mención de responsabilidad Tema: Contribución de las ciencias al florecimiento de los estados y a la felicidad de los pueblos
650 #4 - PUNTO DE ACCESO ADICIONAL DE MATERIA--TÉRMINO DE MATERIA
Término de materia o nombre geográfico como elemento de entrada Civilización-
Subdivisión cronológica S.XIX.
9 (RLIN) 146955
710 2# - ENTRADA AGREGADA--NOMBRE DE ENTIDAD CORPORATIVA
Nombre de entidad corporativa o nombre de jurisdicción como elemento de entrada Universidad Literaria de Madrid.
9 (RLIN) 7388
852 4# - LOCALIZACIÓN
Ubicación ES-MaACL
Número de control de estantería T-25-F-14
Nota libre - Enc. hol., falto de cub. original
-- - Enc. en un vol. facticio
Holdings
Estatus retirado Estado de pérdida Estado de daño No para préstamo Colección Biblioteca de origen Biblioteca actual Ubicación en estantería Fecha de adquisición Total de préstamos Signatura topográfica completa Código de barras Visto por última vez Precio de reemplazo Tipo de ítem Koha
        Colección de folletos Biblioteca del Ateneo de Madrid Biblioteca del Ateneo de Madrid Depósito folletos 17/01/2008   T-25-F-14 1170235 23/02/2023 23/02/2023 Folleto